American Pro Sports Teams - Statistics

General Stats
  • This quiz has been taken 145 times
    123 since last reset
  • The average score is 84 of 114
Answer Stats
City League Team % Correct
MLB Reds
97%
Glendale, Arizona (Arizona) NFL Cardinals
96%
MLB Cardinals
96%
Buffalo, New York NFL Bills
93%
Charlotte, North Carolina (Carolina) NFL Panthers
93%
Sunrise, Florida (Florida) NHL Panthers
93%
Chicago, Illinois NFL Bears
91%
NFL Falcons
91%
Green Bay, Wisconsin NFL Packers
91%
Oakland, California NFL Raiders
91%
Oakland, California (Golden State) NBA Warriors
91%
Kansas City, Missouri NFL Chiefs
90%
Brooklyn, NYC, New York NBA Nets
90%
NFL Ravens
90%
MLB Red Sox
90%
MLB White Sox
90%
NFL Broncos
88%
Cleveland, Ohio NFL Browns
88%
NFL Colts
88%
MLB Cubs
88%
NBA Suns
88%
NFL Texans
88%
MLB Athletics
87%
Atlanta, Georgia MLB Braves
87%
NBA Celtics
87%
NBA Hawks
87%
Jacksonville, Florida NFL Jaguars
87%
Detroit, Michigan NFL Lions
87%
Dallas, Texas NBA Mavericks
87%
NFL Jets
85%
Cincinatti, Ohio NFL Bengals
84%
NBA Bulls
84%
NBA Cavaliers
84%
NHL Kings
84%
Sacramento, California NBA Kings
84%
NBA Nuggets
84%
Foxborough, Massachusetts (New England) NFL Patriots
84%
NBA Rockets
84%
Houston, Texas MLB Astros
82%
Phoenix, Arizona (Arizona) MLB Diamondbacks
82%
NBA Hornets
82%
NBA Lakers
82%
MLB Mets
82%
NBA Pistons
82%
MLB Tigers
82%
Boston, Massachusetts NHL Bruins
81%
MLB Dodgers
81%
Anaheim, California NHL Ducks
81%
East Rutherford, New Jersey (New York) NFL Giants
81%
MLB Giants
81%
MLB Indians
81%
Baltimore, Maryland MLB Orioles
81%
NFL Rams
81%
NBA Clippers
79%
Indianapolis, Indiana (Indiana) NBA Pacers
79%
MLB Rockies
79%
NHL Red Wings
78%
NHL Stars
78%
NHL Blackhawks
76%
NFL Chargers
76%
MLB Royals
76%
Miami, Florida NFL Dolphins
75%
Memphis, Tennessee NBA Grizzlies
75%
NHL Sabres
75%
MLB Twins
75%
Denver, Colorado NHL Avalanche
73%
NBA Bucks
73%
NHL Coyotes
73%
Nashville, Tennessee (Nashville) NFL Titans
73%
Milwaukee, Wisconsin MLB Brewers
72%
NFL Cowboys
72%
NFL Vikings
72%
Los Angeles, California MLB Angels
70%
NHL Rangers
70%
Arlington, Texas (Dallas) (Texas) MLB Rangers
70%
New Orleans, Louisiana NFL Saints
70%
Columbus, Ohio NHL Blue Jackets
67%
NBA Heat
67%
Raleigh, North Carolina (Carolina) NHL Hurricanes
67%
MLB Phillies
67%
San Antonio, Texas NBA Spurs
67%
MLB Yankees
67%
Orlando, Florida NBA Magic
66%
NBA Knicks
64%
MLB Marlins
64%
NFL Steelers
64%
San Francisco, California NFL 49ers
63%
NFL Eagles
61%
Minneapolis, Minnesota (Minnesota) NBA Timberwolves
61%
St. Paul, Minnesota (Minnesota) NHL Wild
61%
Philadelphia, Pennsylvania NBA 76ers
60%
MLB Pirates
60%
Landover, Maryland (Washington) NFL Redskins
60%
New York City, New York NHL Islanders
58%
Newark, New Jersey (New Jersey) NHL Devils
57%
Pittsburgh, Pennsylvania NHL Penguins
57%
NFL Seahawks
57%
Oklahoma City, Oklahoma NBA Thunder
55%
NHL Flyers
54%
NBA Pelicans
54%
St. Louis, Missouri NHL Blues
51%
Tampa, Florida (Tampa Bay) NFL Buccaneers
51%
San Jose, California NHL Sharks
51%
Portland, Oregon NBA Trail Blazers
49%
NBA Wizards
49%
Salt Lake City, Utah (Utah) NBA Jazz
46%
San Diego, California MLB Padres
45%
Seattle, Washington MLB Mariners
43%
MLB Nationals
43%
Nashville, Tennessee NHL Predators
43%
MLB Rays
42%
Washington, D.C. NHL Capitals
37%
NHL Lightning
36%
Paradise, Nevada (Vegas) NHL Knights
18%
No matching quizzes found
Score Distribution
Percent of People with Each Score
Percentile by Number Answered
Your Score History
You have not taken this quiz since the last reset